[Event "New York State-ch 136th"]
[Site "Albany"]
[Date "2014.08.29"]
[Round "1"]
[White "Taylor, Steven A"]
[Black "Frumkin, Edward A"]
[Result "0-1"]
[WhiteElo "2097"]
[BlackElo "1897"]
[PlyCount "62"]
[EventDate "2014.08.29"]
[EventType "swiss"]
[EventRounds "6"]
[EventCountry "USA"]
[SourceTitle "CBM 162 Extra"]
[Source "ChessBase"]
[SourceDate "2014.10.17"]
[SourceVersion "1"]
[SourceVersionDate "2014.10.17"]
[SourceQuality "1"]

1. d4 g6 2. g3 Bg7 3. Bg2 f5 4. Nc3 Nf6 5. e4 Nxe4 6. Nxe4 fxe4 7. Bxe4 d5 8. Bd3 0-0 9. Be3 e5 10. dxe5 Bxe5 11. Ne2 Bg4 12. Qd2 Nc6 13. 0-0-0 Qd6 14. f4 Bg7 15. h3 Bf3 16. Rhf1 Bg2 17. Rf2 Bxh3 18. Rh1 Bf5 19. Rfh2 h5 20. Bxf5 Rxf5 21. g4 hxg4 22. Ng3 Rf7 23. Rh4 Re8 24. Qh2 Qf6 25. Bd2 Qxb2+ 26. Kd1 Qa1+ 27. Bc1 Na5 28. Ne2 Rfe7 29. Qg2 c6 30. Re1 Nc4 31. Qf2 Bb2 0-1

[Event "USA-chT Amateur East"]
[Site "Parsippany"]
[Date "2012.02.18"]
[Round "2"]
[White "Selzler, Richard"]
[Black "Frumkin, Edward A"]
[Result "1-0"]
[WhiteElo "2208"]
[BlackElo "1976"]
[PlyCount "55"]
[EventDate "2012.02.18"]
[EventType "team-swiss"]
[EventRounds "6"]
[EventCountry "USA"]
[SourceTitle "CBM 147 Extra"]
[Source "ChessBase"]
[SourceDate "2012.04.24"]
[SourceVersion "1"]
[SourceVersionDate "2012.04.24"]
[SourceQuality "1"]

1. e4 d6 2. d4 Nf6 3. Nc3 g6 4. f3 c6 5. Be3 b5 6. Qd2 Nbd7 7. 0-0-0 Nb6 8. Qf2 Bg7 9. h4 h5 10. Nh3 Qc7 11. Ng5 a6 12. Bd3 Rb8 13. Rhe1 0-0 14. g4 hxg4 15. f4 Nc4 16. e5 Nxe3 17. Qxe3 Nd5 18. Nxd5 cxd5 19. e6 f5 20. h5 gxh5 21. Rh1 Qd8 22. Rxh5 Qe8 23. Rdh1 Qg6 24. Qe1 Rf6 25. Qh4 Kf8 26. Rh8+ Bxh8 27. Qxh8+ Qg8 28. Nh7+ 1-0

[Event "Manhattan op"]
[Site "New York"]
[Date "2011.08.17"]
[Round "1"]
[White "Frumkin, Edward A"]
[Black "Bonin, Jay R"]
[Result "1/2-1/2"]
[WhiteElo "1958"]
[BlackElo "2323"]
[PlyCount "91"]
[EventDate "2011.08.17"]
[EventType "swiss"]
[EventRounds "9"]
[EventCountry "USA"]
[SourceTitle "CBM 143 Extra"]
[Source "ChessBase"]
[SourceDate "2011.08.29"]
[SourceVersion "1"]
[SourceVersionDate "2011.08.29"]
[SourceQuality "1"]

1. g3 d5 2. Nf3 Nf6 3. c4 e6 4. Bg2 Be7 5. 0-0 0-0 6. b3 a5 7. Bb2 a4 8. d4 axb3 9. axb3 Rxa1 10. Bxa1 Nc6 11. e3 b6 12. Nbd2 Bb7 13. Bc3 Qd6 14. Ne5 Ra8 15. f4 Ra2 16. g4 dxc4 17. bxc4 Qa3 18. Bxc6 Qxc3 19. Bxb7 Qxe3+ 20. Rf2 Bb4 21. Kf1 Qxd4 22. Nc6 Qxf2+ 23. Kxf2 Rxd2+ 24. Qxd2 Bxd2 25. Kf3 Nd7 26. Nd4 e5 27. Bc8 exd4 28. Bxd7 Kf8 29. Ke4 Ke7 30. Ba4 Kd6 31. Be8 f6 32. f5 Kc5 33. Bf7 Be3 34. h4 c6 35. h5 b5 36. cxb5 cxb5 37. Kd3 Kb4 38. Be8 Kc5 39. Bf7 Bf4 40. Be8 Be5 41. Bd7 Bb8 42. Be8 Ba7 43. Bd7 b4 44. Be6 Kd6 45. Ke4 Ke7 46. Bb3 1/2-1/2

[Event "New York State-ch 132nd"]
[Site "Colonie"]
[Date "2010.09.05"]
[Round "3"]
[White "Sheppard, Dore A"]
[Black "Frumkin, Edward A"]
[Result "1-0"]
[WhiteElo "2094"]
[BlackElo "1997"]
[PlyCount "61"]
[EventDate "2010.09.03"]
[EventType "swiss"]
[EventRounds "6"]
[EventCountry "USA"]
[SourceTitle "CBM 138 Extra"]
[Source "ChessBase"]
[SourceDate "2010.10.29"]
[SourceVersion "1"]
[SourceVersionDate "2010.10.29"]
[SourceQuality "1"]

1. Nf3 g6 2. d4 Bg7 3. Bg5 d6 4. c3 h6 5. Bh4 Nf6 6. Nbd2 g5 7. Bg3 Nh5 8. e4 Nd7 9. Be2 Nxg3 10. hxg3 e5 11. dxe5 Nxe5 12. Nxe5 Bxe5 13. Nc4 Be6 14. Ne3 Qd7 15. Bg4 Qb5 16. Qe2 Qxe2+ 17. Kxe2 Bxg4+ 18. Nxg4 h5 19. Ne3 Kd7 20. Rh3 Rag8 21. Rah1 h4 22. Ng4 Ke6 23. gxh4 gxh4 24. Kf3 Rxg4 25. Kxg4 Rg8+ 26. Kf3 Bf6 27. g3 hxg3 28. Rxg3 Bg5 29. Ke2 Ke5 30. Rh5 f6 31. Rg4 1-0

[Event "New York State-ch 132nd"]
[Site "Colonie"]
[Date "2010.09.04"]
[Round "2"]
[White "Frumkin, Edward A"]
[Black "Tuhrim, Richard"]
[Result "1/2-1/2"]
[WhiteElo "1997"]
[BlackElo "2133"]
[PlyCount "61"]
[EventDate "2010.09.03"]
[EventType "swiss"]
[EventRounds "6"]
[EventCountry "USA"]
[SourceTitle "CBM 138 Extra"]
[Source "ChessBase"]
[SourceDate "2010.10.29"]
[SourceVersion "1"]
[SourceVersionDate "2010.10.29"]
[SourceQuality "1"]

1. c4 Nf6 2. g3 g6 3. Bg2 Bg7 4. Nc3 c5 5. e3 0-0 6. d4 d6 7. Nge2 Nc6 8. 0-0 cxd4 9. exd4 Bf5 10. b3 Qc8 11. d5 Ne5 12. Nd4 Bh3 13. f4 Bxg2 14. Kxg2 Nxc4 15. bxc4 Qxc4 16. Bb2 Nxd5 17. Nxd5 Qxd5+ 18. Qf3 Qxf3+ 19. Rxf3 Rac8 20. Rd1 Rc4 21. Rd2 Rfc8 22. Rb3 Ra4 23. Rxb7 Rxa2 24. Nf3 e5 25. fxe5 dxe5 26. Ng5 Bh6 27. h4 f6 28. Nxh7 Bxd2 29. Nxf6+ Kf8 30. Nh7+ Ke8 31. Nf6+ 1/2-1/2

[Event "New York Marshall CC-ch 91st"]
[Site "New York"]
[Date "2007.12.08"]
[Round "3"]
[White "Swaminathan, Rahul K"]
[Black "Frumkin, Edward A"]
[Result "1/2-1/2"]
[WhiteElo "2001"]
[BlackElo "2029"]
[PlyCount "51"]
[EventDate "2007.12.07"]
[EventType "swiss"]
[EventRounds "9"]
[EventCountry "USA"]
[SourceTitle "CBM 122 Extra"]
[Source "ChessBase"]
[SourceDate "2008.03.04"]
[SourceVersion "1"]
[SourceVersionDate "2008.03.04"]
[SourceQuality "1"]

1. e4 d6 2. d4 Nf6 3. Nc3 g6 4. f3 c6 5. Be3 b5 6. Qd2 Nbd7 7. 0-0-0 Nb6 8. Bd3 Qc7 9. Bf4 b4 10. Nce2 a5 11. e5 Nfd5 12. exd6 exd6 13. Re1 h6 14. Nc3+ Kd8 15. Nxd5 Nxd5 16. Be4 Nxf4 17. Qxf4 Bg7 18. Kb1 a4 19. Bd3 a3 20. b3 Ba6 21. Bxa6 Rxa6 22. Nh3 c5 23. dxc5 Qxc5 24. Qe3 Rc6 25. Qxc5 dxc5 26. Nf4 1/2-1/2

[Event "New York State-ch 129th"]
[Site "New York"]
[Date "2007.09.01"]
[Round "1"]
[White "Frumkin, Edward A"]
[Black "Parry, Matthew"]
[Result "0-1"]
[WhiteElo "2029"]
[BlackElo "2292"]
[PlyCount "54"]
[EventDate "2007.09.01"]
[EventType "swiss"]
[EventRounds "6"]
[EventCountry "USA"]
[SourceTitle "CBM 120 Extra"]
[Source "ChessBase"]
[SourceDate "2007.11.01"]
[SourceVersion "1"]
[SourceVersionDate "2007.11.01"]
[SourceQuality "1"]

1. c4 e6 2. Nf3 d5 3. g3 dxc4 4. Bg2 a6 5. a4 Nc6 6. Na3 e5 7. Nxc4 e4 8. Nfe5 Qd5 9. f4 Nxe5 10. Nxe5 f6 11. Nd3 Bh3 12. Bxh3 exd3 13. 0-0 Qh5 14. Bg2 dxe2 15. Re1 Bc5+ 16. Kh1 0-0-0 17. Qxe2 Qxe2 18. Rxe2 Nh6 19. b3 Bd4 20. Rb1 Rhe8 21. Rxe8 Rxe8 22. Ba3 Re2 23. Bb4 Ng4 24. h3 Nf2+ 25. Kh2 Nd3 26. Bc3 Bxc3 27. dxc3 Ne1 0-1

[Event "New York Marshall CC-ch 90th"]
[Site "New York"]
[Date "2006.12.09"]
[Round "6"]
[White "Santanna, Paulo"]
[Black "Frumkin, Edward A"]
[Result "1-0"]
[WhiteElo "2023"]
[BlackElo "2022"]
[PlyCount "65"]
[EventDate "2006.12.01"]
[EventType "swiss"]
[EventRounds "9"]
[EventCountry "USA"]
[SourceTitle "CBM 115 Extra"]
[Source "ChessBase"]
[SourceDate "2007.01.10"]
[SourceVersion "1"]
[SourceVersionDate "2007.01.10"]
[SourceQuality "1"]

1. d4 g6 2. e4 d6 3. c4 Bg7 4. Nc3 Nc6 5. Nge2 e5 6. d5 Nce7 7. Ng3 h5 8. Bd3 c5 9. 0-0 h4 10. Nge2 a6 11. f4 h3 12. g3 Nh6 13. Kh1 Bd7 14. a4 a5 15. Ra3 f6 16. Ng1 Qc7 17. Nf3 0-0-0 18. fxe5 dxe5 19. Be2 Nf7 20. Nxe5 Qxe5 21. Bf4 Qd4 22. Qb3 g5 23. Qb6 gxf4 24. Rb3 Rdg8 25. Rb5 Bxb5 26. Nxb5 Qe5 27. d6 Kd7 28. gxf4 Qxe4+ 29. Bf3 Qe3 30. Qxb7+ Ke8 31. Be4 Bf8 32. d7+ Kd8 33. Qc7# 1-0

[Event "Queens-ch"]
[Site "Jamaica"]
[Date "2006.11.10"]
[Round "6"]
[White "Frumkin, Edward A"]
[Black "Bauer, Andrew"]
[Result "1-0"]
[WhiteElo "2048"]
[BlackElo "1626"]
[PlyCount "111"]
[EventDate "2006.02.26"]
[EventType "swiss"]
[EventRounds "7"]
[EventCountry "USA"]
[SourceTitle "EXT 2008"]
[Source "ChessBase"]
[SourceDate "2007.11.25"]
[SourceVersion "1"]
[SourceVersionDate "2007.11.25"]
[SourceQuality "1"]

1. c4 c6 2. Nf3 d5 3. g3 g6 4. Bg2 Bg7 5. 0-0 e5 6. Na3 a6 7. d3 h6 8. Rb1 Nd7 9. cxd5 cxd5 10. d4 e4 11. Ne1 Ngf6 12. Nac2 a5 13. a4 0-0 14. Na3 Nb6 15. b3 Bd7 16. Nec2 Nc8 17. Ne3 Nd6 18. Bb2 Rb8 19. Qd2 b5 20. Nxb5 Nxb5 21. axb5 Rxb5 22. Ba3 Re8 23. Rfc1 Qb8 24. h3 Rxb3 25. Rxb3 Qxb3 26. Qxa5 Qb5 27. Qe1 Ra8 28. Rb1 Qa6 29. Be7 Be6 30. Bf1 Nd7 31. Qd2 Qa7 32. Nc2 Rc8 33. e3 Qc7 34. Na3 Nb8 35. Bc5 Nc6 36. Rb6 Ra8 37. Qb2 Nd8 38. Kh2 h5 39. Bd6 Qa7 40. Ra6 Qd7 41. Rxa8 Qxd6 42. Nb5 Qb6 43. Qc3 Kh7 44. Qc7 Qxc7 45. Nxc7 Bf6 46. Bb5 Kg7 47. Ne8+ Kh6 48. Nxf6 Nb7 49. Ne8 f5 50. Bc6 Bf7 51. Bxb7 Bxe8 52. Rxe8 Kg5 53. Bxd5 h4 54. Bxe4 hxg3+ 55. fxg3 fxe4 56. d5 1-0

[Event "Queens-ch"]
[Site "Jamaica"]
[Date "2006.10.13"]
[Round "2"]
[White "Lorenzo, Antonio"]
[Black "Frumkin, Edward A"]
[Result "1-0"]
[WhiteElo "1805"]
[BlackElo "2048"]
[PlyCount "69"]
[EventDate "2006.02.26"]
[EventType "swiss"]
[EventRounds "7"]
[EventCountry "USA"]
[SourceTitle "EXT 2008"]
[Source "ChessBase"]
[SourceDate "2007.11.25"]
[SourceVersion "1"]
[SourceVersionDate "2007.11.25"]
[SourceQuality "1"]

1. e4 d6 2. d4 Nf6 3. Nc3 g6 4. Nf3 Bg7 5. Bc4 0-0 6. Bb3 Nc6 7. h3 e5 8. Be3 Qe7 9. 0-0 Na5 10. dxe5 dxe5 11. Qe2 Nxb3 12. axb3 a6 13. Rfd1 Bd7 14. Ra5 Bb5 15. Nxb5 axb5 16. Rxb5 Nxe4 17. Rxb7 f5 18. Qc4+ Rf7 19. Bb6 Rc8 20. Ba5 Bf6 21. Bb4 Qe8 22. Rd5 Nd6 23. Bxd6 cxd6 24. Qb4 Rxb7 25. Qxb7 Rxc2 26. Rxd6 Rc1+ 27. Kh2 e4 28. Rxf6 exf3 29. Qd5+ Kg7 30. Re6 Qb8+ 31. g3 Qc7 32. Qd4+ Kg8 33. Qf6 Qc8 34. Re7 Qf8 35. Qe6+ 1-0

[Event "Foxwoods op 07th"]
[Site "Mashantucket"]
[Date "2005.03.26"]
[Round "7"]
[White "Mirabile, Tim"]
[Black "Frumkin, Edward A"]
[Result "1/2-1/2"]
[WhiteElo "2247"]
[BlackElo "2057"]
[PlyCount "82"]
[EventDate "2005.03.23"]
[EventType "swiss"]
[EventRounds "9"]
[EventCountry "USA"]
[SourceTitle "CBM 105 Extra"]
[Source "ChessBase"]
[SourceDate "2005.05.01"]
[SourceVersion "1"]
[SourceVersionDate "2005.05.01"]
[SourceQuality "1"]

1. e4 d6 2. d4 Nf6 3. Nc3 g6 4. f4 Bg7 5. Nf3 c5 6. dxc5 Qa5 7. Bd3 Qxc5 8. Qe2 Bg4 9. Be3 Qa5 10. 0-0 0-0 11. h3 Bxf3 12. Qxf3 Nc6 13. a3 Nd7 14. Nd1 Rac8 15. c3 a6 16. Nf2 e6 17. Rad1 Ne7 18. g4 d5 19. e5 g5 20. Bd4 Ng6 21. Bxg6 fxg6 22. Nd3 gxf4 23. h4 g5 24. hxg5 Qd8 25. Rde1 Qxg5 26. Rf2 Rf7 27. Rh2 Bf8 28. Rh5 Qd8 29. Kg2 Nc5 30. Nxf4 Ne4 31. Qe3 Be7 32. Reh1 Qd7 33. Qh3 Qa4 34. Rxh7 Qc2+ 35. Kg1 Qc1+ 36. Kg2 Qd2+ 37. Kg1 Qc1+ 38. Kg2 Qxb2+ 39. Kg1 Qc1+ 40. Kg2 Qd2+ 41. Kg1 Qc1+ 1/2-1/2

[Event "New York Marshall CC-ch 88th"]
[Site "New York"]
[Date "2004.12.18"]
[Round "8"]
[White "Sena, Juan Oscar"]
[Black "Frumkin, Edward A"]
[Result "1-0"]
[WhiteElo "2200"]
[BlackElo "2069"]
[PlyCount "111"]
[EventDate "2004.12.11"]
[EventType "swiss"]
[EventRounds "9"]
[EventCountry "USA"]
[SourceTitle "CBM 103 Extra"]
[Source "ChessBase"]
[SourceDate "2005.01.01"]
[SourceVersion "1"]
[SourceVersionDate "2005.01.01"]
[SourceQuality "1"]

1. e4 d6 2. d4 Nf6 3. Nc3 g6 4. Bg5 Bg7 5. Qd2 h6 6. Bh4 g5 7. Bg3 Nh5 8. 0-0-0 Nc6 9. d5 Nd4 10. Nce2 Nxe2+ 11. Bxe2 Nxg3 12. hxg3 c6 13. f4 Qb6 14. c3 cxd5 15. exd5 g4 16. Bd3 Bd7 17. Ne2 0-0-0 18. Kb1 Kb8 19. Bc2 h5 20. Nd4 Bxd4 21. Qxd4 Qxd4 22. Rxd4 f5 23. Rd2 Rh7 24. Re2 Rg8 25. Kc1 Kc7 26. Kd2 Kd8 27. b4 Rgh8 28. Rhe1 Rg7 29. Rh1 Rgh7 30. Rh4 Ke8 31. c4 Kf7 32. Ke3 a5 33. bxa5 Ra8 34. Bd3 Rxa5 35. Rb2 Bc8 36. Rh1 Kf6 37. Bb1 Kg6 38. Kd4 Ra3 39. Rb3 Rxb3 40. axb3 b6 41. Bd3 Kf6 42. Ra1 h4 43. gxh4 Rxh4 44. Ra8 Rh8 45. Rb8 e5+ 46. dxe6 Kxe6 47. Rxb6 Ke7 48. Rb8 Rf8 49. g3 Be6 50. Rxf8 Kxf8 51. b4 Ke7 52. c5 Kd7 53. b5 dxc5+ 54. Kxc5 Kc7 55. b6+ Kb7 56. Bc4 1-0

[Event "New York Marshall CC-ch 88th"]
[Site "New York"]
[Date "2004.12.11"]
[Round "1"]
[White "Sarkar, Justin"]
[Black "Frumkin, Edward A"]
[Result "1-0"]
[WhiteElo "2386"]
[BlackElo "2069"]
[PlyCount "65"]
[EventDate "2004.12.11"]
[EventType "swiss"]
[EventRounds "9"]
[EventCountry "USA"]
[SourceTitle "CBM 103 Extra"]
[Source "ChessBase"]
[SourceDate "2005.01.01"]
[SourceVersion "1"]
[SourceVersionDate "2005.01.01"]
[SourceQuality "1"]

1. d4 d6 2. c4 g6 3. Nc3 Bg7 4. e4 Nc6 5. Be3 e5 6. d5 Nce7 7. c5 f5 8. Qa4+ Kf8 9. cxd6 cxd6 10. Qa3 Nf6 11. f3 Ne8 12. Bd3 h6 13. Nge2 Bf6 14. Rc1 Bd7 15. Rc2 Kg7 16. Qb4 Qb8 17. Bb5 Bxb5 18. Qxb5 Nc7 19. Qb4 Rd8 20. Nb5 Ne8 21. Qa5 a6 22. Nc7 Nxc7 23. Rxc7 Kf8 24. Bxh6+ Ke8 25. Be3 Rd7 26. Bb6 Nc8 27. Rxd7 Kxd7 28. Qa4+ Ke7 29. Bf2 Na7 30. exf5 gxf5 31. Qc2 Qc8 32. Qxc8 Nxc8 33. Ng3 1-0

[Event "Annual NY Fall Futurity 15th"]
[Site "New York"]
[Date "2004.11.13"]
[Round "3"]
[White "Frumkin, Edward A"]
[Black "Tuhrim, Richard"]
[Result "1/2-1/2"]
[WhiteElo "2024"]
[BlackElo "1289"]
[PlyCount "87"]
[EventDate "2004.11.15"]
[EventType "swiss"]
[EventRounds "5"]
[EventCountry "USA"]
[SourceTitle "EXT 2008"]
[Source "ChessBase"]
[SourceDate "2007.11.25"]
[SourceVersion "1"]
[SourceVersionDate "2007.11.25"]
[SourceQuality "1"]

1. c4 e5 2. g3 Nf6 3. Bg2 Bc5 4. Nc3 0-0 5. e3 Nc6 6. a3 a5 7. Nge2 Re8 8. 0-0 d6 9. d4 Bb6 10. h3 Bf5 11. Kh2 Qe7 12. d5 Nb8 13. e4 Bg6 14. f3 Nbd7 15. Na4 Ba7 16. b4 Nb6 17. Nb2 Nbd7 18. Bd2 axb4 19. axb4 Bb6 20. Qb3 Qf8 21. Na4 Ba7 22. Ra2 Nb6 23. Nac3 Nbd7 24. Rfa1 Bb6 25. Na4 Ba7 26. Ra3 Bb6 27. Nxb6 Nxb6 28. Be3 Nbd7 29. Ra7 Rxa7 30. Rxa7 Rb8 31. c5 dxc5 32. bxc5 Nxc5 33. Bxc5 Qxc5 34. Rxb7 Rxb7 35. Qxb7 h6 36. Qa8+ Kh7 37. Qa1 Qf2 38. Qf1 Qe3 39. Nc1 Qc5 40. Nd3 Qc3 41. Ne1 Qd2 42. Kg1 Nh5 43. Qf2 Qc3 44. Kh2 1/2-1/2

[Event "Foxwoods op 06th"]
[Site "Connecticut"]
[Date "2004.04.07"]
[Round "1"]
[White "Fierro Baquero, Martha Lorena"]
[Black "Frumkin, Edward A"]
[Result "1-0"]
[WhiteElo "2327"]
[BlackElo "2106"]
[PlyCount "37"]
[EventDate "2004.04.07"]
[EventType "swiss"]
[EventRounds "9"]
[EventCountry "USA"]
[SourceTitle "CBM 099 Extra"]
[Source "ChessBase"]
[SourceDate "2004.05.04"]
[SourceVersion "1"]
[SourceVersionDate "2004.05.04"]
[SourceQuality "1"]

1. e4 d6 2. d4 Nf6 3. Nc3 g6 4. Nf3 Bg7 5. Bf4 0-0 6. Qd2 c6 7. 0-0-0 b5 8. Bd3 Bg4 9. Kb1 d5 10. e5 Nfd7 11. Rde1 Bxf3 12. gxf3 e6 13. Bh6 Qh4 14. Bxg7 Kxg7 15. Ne2 a5 16. Reg1 h5 17. Nf4 Rg8 18. Bxg6 fxg6 19. Nxg6 1-0

[Event "World op 31st"]
[Site "Philadelphia"]
[Date "2003.07.06"]
[Round "8"]
[White "Frumkin, Edward A"]
[Black "Kafka, Graeme"]
[Result "1/2-1/2"]
[WhiteElo "2072"]
[BlackElo "2103"]
[PlyCount "51"]
[EventDate "2003.06.30"]
[EventType "swiss"]
[EventRounds "9"]
[EventCountry "USA"]
[SourceTitle "EXT 2004"]
[Source "ChessBase"]
[SourceDate "2003.11.25"]
[SourceVersion "1"]
[SourceVersionDate "2003.11.25"]
[SourceQuality "1"]

1. c4 e5 2. g3 d6 3. Bg2 f5 4. d4 Be7 5. dxe5 dxe5 6. Qxd8+ Bxd8 7. b3 e4 8. Bb2 Bf6 9. Nc3 c6 10. 0-0-0 Ne7 11. f3 exf3 12. exf3 0-0 13. f4 Be6 14. Nf3 Na6 15. Rhe1 Kf7 16. Ne5+ Bxe5 17. Rxe5 Ng6 18. Re2 Rad8 19. Red2 Rxd2 20. Rxd2 Re8 21. Ba3 Nb8 22. Bc5 a6 23. Ne2 Nd7 24. Bd4 Nf6 25. Bxf6 Kxf6 26. Nd4 1/2-1/2